| Tag |
First Indicator |
Second Indicator |
Subfields |
| LEADER |
00000pam a2200000 a 4500 |
| 001 |
in00000092310 |
| 005 |
20150923132053.0 |
| 008 |
810923s1982 maua b 00110 eng |
| 010 |
|
|
|a 81014951
|
| 020 |
|
|
|a 0201066408 :
|c $14.95 (est.)
|
| 035 |
|
|
|a (OCoLC)07836609
|
| 035 |
|
|
|9 AAK7393AM
|
| 039 |
0 |
|
|a 2
|b 3
|c 3
|d 3
|e 3
|
| 040 |
|
|
|a DLC
|c DLC
|d TXA
|d UtOrBLW
|
| 049 |
|
|
|a TXAM
|c [1633356]
|
| 050 |
0 |
0 |
|a H61
|b S33
|
| 082 |
0 |
|
|a 300/.72
|2 19
|
| 100 |
1 |
|
|a Saslow, Carol A.
|
| 245 |
1 |
0 |
|a Basic research methods /
|c Carol A. Saslow.
|
| 264 |
|
1 |
|a Reading, Mass. :
|b Addison-Wesley Pub. Co.,
|c [1982]
|
| 264 |
|
4 |
|c ©1982
|
| 300 |
|
|
|a xi, 430 pages :
|b illustrations ;
|c 24 cm.
|
| 336 |
|
|
|a text
|b txt
|2 rdacontent
|
| 337 |
|
|
|a unmediated
|b n
|2 rdamedia
|
| 338 |
|
|
|a volume
|b nc
|2 rdacarrier
|
| 500 |
|
|
|a Includes index.
|
| 504 |
|
|
|a Bibliography: pages 415-419.
|
| 650 |
|
0 |
|a Social sciences
|x Methodology.
|
| 650 |
|
0 |
|a Social sciences
|x Research.
|
| 999 |
|
|
|a MARS
|
| 999 |
f |
f |
|s 68b839f8-767c-3931-8a8f-1f9d523f03f8
|i e2b8a9d3-659f-34b3-a149-3548d037aa6c
|t 0
|
| 952 |
f |
f |
|p ric
|a Texas A&M University
|b Rellis Campus
|c Joint Library Facility
|d Remote Storage
|t 0
|e H61 S33
|h Library of Congress classification
|i unmediated -- volume
|m A14806007918
|
| 998 |
f |
f |
|a H61 S33
|t 0
|l Remote Storage
|